=LDR 00000nam 2200000 4500 =001 INLIS000000000009971 =005 20130612101724 =008 ***********************************Ind** =035 ##$$0010-061300000009971 =041 ##$$a Ind =082 ##$$a 028.5 =090 ##$$a 028.5, Bar m =100 ##$$a Bertino, Andree =245 ##$$a Mexico city ibu kota purba, Andree Bertin =260 ##$$a 1996 $b Jakarta =300 ##$$a 24 hlm, 21 cm =650 ##$$a Bacaan anak-anak =850 ##$$a NBPNMAT